00248nam a2200097Ia 4500001000800000005001700008008004100025020001800066245004700084260001900131127741620260417160506.0260417s9999 xx 000 0 und d a9772149467965 0aMasal Krallığı HezarfencDidem Demirel bKetebe Çocuk